000 00388 a2200145 4500
001 168204
020 _a
040 _cMagnum
100 _aBienfait, Marcel
240 1 0 _aFascias e pompages: estudo e tratamento do esqueleto fibroso
_lpor
245 1 0 _aFascias e pompages: estudo e tratamento do esqueleto fibroso
362 0 _a1899
697 _aCIENCIAS MEDICAS SAUDE
942 _cBK
999 _c168204
_d168204